000 00478nam a2200181Ia 4500
001 20240
005 20260306172751.0
008 260306t1999||||xx |||||||||||||| ||spa||
041 _aESP
082 _a343
_bT81
100 _aPerú. Tribunal Constitucional
_eAUT
245 0 _aLa inconstitucionalidad de las leyes en el sistema constitucional peruano
260 _c1999
300 _a55 páginas :
_c21 cm.
650 _aGEN
654 _aCDE
942 _cLIB
_dJUS
_fJUS
_2ddc
_n
999 _c20240
_d20240